000 01058nam a22002417a 4500
008 240701t2024 xxk|||||o|||| 00| 0 eng d
041 _aeng
110 _aRoyal Institution of Chartered Surveyors
245 _aImportant Update: Building Safety Regulator Pauses Work on 50 Higher-Risk Projects
_h[Electronic resource]
260 _aLondon,
_bRoyal Institution of Chartered Surveyors,
_c27 June 2024
300 _apress release
490 _aRICS Press Release
520 _aRICS guidance for members following the compulsory liquidation of the private registered building control approver AIS Surveyors.
650 _aAIS SURVEYORS
650 _aBUILDING SAFETY ACT 2022
650 _aBUILDING SAFETY REGULATOR
650 _aHIGHER-RISK BUILDINGS
651 _aUnited Kingdom
690 _aBuilding control
_96222
710 _aRoyal Institution of Chartered Surveyors
856 _uhttps://www.rics.org/news-insights/important-update-building-safety-regulator-pauses-work-on-50-higher-risk-projects
_zAvailable free on RICS.org
942 _n0
999 _c121961
_d121961